| 000 | 00810nam a2200205 a 4500 | ||
|---|---|---|---|
| 003 | 0 | ||
| 005 | 20250303135117.0 | ||
| 008 | 090706s19uu xx uuu eng d | ||
| 050 |
_aPGS GE 195 _b.V164 2009 |
||
| 100 | _aValerio, Alyssa Liane B. | ||
| 245 |
_aLevel of awareness of middle school students on environmental issues / _cAlyssa Lianne B. Valerio. |
||
| 260 |
_aLas PiƱas City, Philippines : _bSouthville International School and Colleges, _c2009. |
||
| 300 |
_a39 pages : _billustrations ; _c28 cm. |
||
| 504 | _aIncludes bibliographic references. | ||
| 650 |
_aEnvironmental education _vStudent awareness. |
||
| 650 |
_aEnvironmental issues _vPublic awareness. |
||
| 650 |
_aSustainability _vStudent perception. |
||
| 650 |
_aClimate change _vKnowledge and attitudes. |
||
| 942 |
_2lcc _cPASS |
||
| 999 |
_c98220 _d98220 |
||